000 00261nam a2200097Ia 4500
001 687731
005 20250826161601.0
008 250824s9999 xx 000 0 und d
245 0 _aGÜN SOLAR AKŞAMIN MATEMİNDE
_cAHMED GÜNBAY YILDIZ
260 _bTİMAŞ YAYINLARI
999 _c687731
_d687731